000 00972cam a2200253 i 4500
999 _c12716
_d12716
003 OSt
005 20240705151920.0
008 210719s2022 maua b 001 0 eng
020 _a9780262543385
_q(paperback)
042 _apcc
082 0 0 _a720.71
_223
130 0 _aRadical pedagogies (M.I.T. Press)
245 1 0 _aRadical pedagogies /
_cedited by Beatriz Colomina, Ignacio G. Galán, Evangelos Kotsioris, Anna-Maria Meister.
300 _a415 pages :
_billustrations (some color) ;
_c25 cm
504 _aIncludes bibliographical references and index.
520 _a"An overview of over 100 pedoagogical experiments in the field of architecture over the years and throughout the world"--
650 0 _aArchitecture
_xStudy and teaching.
650 0 _aCreative teaching.
700 1 _aColomina, Beatriz,
_eeditor.
700 1 _aGalán, Ignacio G.,
_eeditor.
700 1 _aKotsioris, Evangelos,
_eeditor.
700 1 _aMeister, Anna-Maria,
_eeditor.
942 _2ddc